[Event "Strumien ZABI KRAJ 2019"]
[Site "?"]
[Date "2019.11.09"]
[Round "2.4"]
[White "Ochodek, Mariusz"]
[Black "Musialski, Andrzej"]
[Result "1-0"]
[WhiteElo "1740"]
[BlackElo "1383"]
[PlyCount "85"]
[EventDate "2019.??.??"]

1. e4 c6 2. d4 d5 3. Nc3 dxe4 4. Nxe4 Bf5 5. Ng3 Bg6 6. Nf3 Nf6 7. Bd3 e6 8.
O-O Be7 9. b3 O-O 10. Bxg6 hxg6 11. Bb2 Nbd7 12. Re1 Qc7 13. Qe2 Nd5 14. c4
N5f6 15. Rad1 Rac8 16. h3 Bb4 17. Rf1 Qf4 18. a3 Be7 19. d5 cxd5 20. cxd5 Nxd5
21. Rxd5 exd5 22. Qxe7 Nf6 23. Be5 Qh6 24. Bxf6 gxf6 25. Qxf6 Qg7 26. Qxg7+
Kxg7 27. Re1 Rfe8 28. Rxe8 Rxe8 29. Kf1 Rc8 30. Ke2 Rc3 31. Nd4 f5 32. Kd2 Rc8
33. f4 Kf6 34. Nf3 a6 35. h4 Rc7 36. h5 gxh5 37. Nxh5+ Kg6 38. Ng3 b5 39. Nd4
Rf7 40. Ngxf5 Rxf5 41. Nxf5 Kxf5 42. Ke3 Kg4 43. g3 1-0

0:11]} N5f6 {[%clk 0:08:44]} 15. Rad1
{[%clk 0:10:12]} Rac8 {[%clk 0:08:35]} 16. h3 {[%clk 0:09:47]} Bb4
{[%clk 0:08:08]} 17. Rf1 {[%clk 0:09:46]} Qf4 {[%clk 0:07:38]} 18. a3
{[%clk 0:09:22]} Be7 {[%clk 0:06:42]} 19. d5 {[%clk 0:09:17]} cxd5
{[%clk 0:06:22]} 20. cxd5 {[%clk 0:09:21]} Nxd5 {[%clk 0:06:07]} 21. Rxd5
{[%clk 0:09:19]} exd5 {[%clk 0:05:59]} 22. Qxe7 {[%clk 0:09:22]} Nf6
{[%clk 0:05:54]} 23. Be5 {[%clk 0:08:43]} Qh6 {[%clk 0:05:03]} 24. Bxf6
{[%clk 0:08:38]} gxf6 {[%clk 0:05:06]} 25. Qxf6 {[%clk 0:08:41]} Qg7
{[%clk 0:04:58]} 26. Qxg7+ {[%clk 0:07:17]} Kxg7 {[%clk 0:05:01]} 27. Re1
{[%clk 0:07:17]} Rfe8 {[%clk 0:04:46]} 28. Rxe8 {[%clk 0:07:12]} Rxe8
{[%clk 0:04:49]} 29. Kf1 {[%clk 0:07:16]} Rc8 {[%clk 0:04:52]} 30. Ke2
{[%clk 0:07:17]} Rc3 {[%clk 0:04:53]} 31. Nd4 {[%clk 0:07:14]} f5
{[%clk 0:04:38]} 32. Kd2 {[%clk 0:07:10]} Rc8 {[%clk 0:04:24]} 33. f4
{[%clk 0:07:09]} Kf6 {[%clk 0:04:17]} 34. Nf3 {[%clk 0:06:42]} a6
{[%clk 0:03:57]} 35. h4 {[%clk 0:06:06]} Rc7 {[%clk 0:03:44]} 36. h5
{[%clk 0:06:06]} gxh5 {[%clk 0:03:46]} 37. Nxh5+ {[%clk 0:06:09]} Kg6
{[%clk 0:03:46]} 38. Ng3 {[%clk 0:06:08]} b5 {[%clk 0:03:31]} 39. Nd4
{[%clk 0:06:09]} Rf7 {[%clk 0:03:26]} 40. Ngxf5 {[%clk 0:05:40]} Rxf5
{[%clk 0:03:27]} 41. Nxf5 {[%clk 0:05:45]} Kxf5 {[%clk 0:03:30]} 42. Ke3
{[%clk 0:05:38]} Kg4 {[%clk 0:03:29]} 43. g3 {[%clk 0:05:39]} 1-0

[Event "Strumien ZABI KRAJ 2019"]
[Site "?"]
[Date "2019.11.09"]
[Round "3.5"]
[White "Grzybek, Mikolaj"]
[Black "Temel, Jan"]
[Result "0-1"]
[WhiteElo "1424"]
[BlackElo "1623"]
[PlyCount "78"]
[EventDate "2019.??.??"]

1. e4 g6 2. d4 Bg7 3. Be3 c5 4. c3 Qb6 5. Qd2 d6 6. Bc4 Nf6 7. f3 Nc6 8. Ne2
O-O 9. O-O Na5 10. Na3 Nxc4 11. Nxc4 Qc7 12. d5 b5 13. Na3 Rb8 14. Rac1 Qa5 15.
c4 b4 16. Nb5 Qb6 17. a3 a6 18. axb4 axb5 19. bxc5 dxc5 20. cxb5 Qxb5 21. Bxc5
Qxb2 22. Qxb2 Rxb2 23. Bxe7 Ba6 24. Bxf8 Bxf8 25. Rc6 Bxe2 26. Re1 Nd7 27. d6
Kg7 28. Rc7 Bb5 29. Rd1 Kf6 30. Rb7 Nc5 31. Rb6 Nd7 32. Rb7 Ke6 33. Rc1 Bxd6
34. g3 Bc5+ 35. Kh1 Be3 36. Re1 Bf2 37. Rc1 Ne5 38. f4 Nf3 39. Rb6+ Bxb6 0-1

0:06:46]} Rb8
{[%clk 0:05:33]} 14. Rac1 {[%clk 0:06:45]} Qa5 {[%clk 0:05:26]} 15. c4
{[%clk 0:03:54]} b4 {[%clk 0:05:24]} 16. Nb5 {[%clk 0:03:58]} Qb6
{[%clk 0:04:40]} 17. a3 {[%clk 0:03:00]} a6 {[%clk 0:04:41]} 18. axb4
{[%clk 0:03:04]} axb5 {[%clk 0:04:42]} 19. bxc5 {[%clk 0:03:07]} dxc5
{[%clk 0:04:39]} 20. cxb5 {[%clk 0:03:07]} Qxb5 {[%clk 0:04:30]} 21. Bxc5
{[%clk 0:03:09]} Qxb2 {[%clk 0:04:01]} 22. Qxb2 {[%clk 0:03:05]} Rxb2
{[%clk 0:04:02]} 23. Bxe7 {[%clk 0:02:35]} Ba6 {[%clk 0:03:35]} 24. Bxf8
{[%clk 0:01:57]} Bxf8 {[%clk 0:03:21]} 25. Rc6 {[%clk 0:01:22]} Bxe2
{[%clk 0:03:15]} 26. Re1 {[%clk 0:00:15]} Nd7 {[%clk 0:02:34]} 27. d6
{[%clk 0:00:12]} Kg7 {[%clk 0:02:30]} 28. Rc7 {[%clk 0:00:16]} Bb5
{[%clk 0:02:18]} 29. Rd1 {[%clk 0:00:18]} Kf6 {[%clk 0:02:11]} 30. Rb7
{[%clk 0:00:21]} Nc5 {[%clk 0:01:35]} 31. Rb6 Nd7 {[%clk 0:01:24]} 32. Rb7
{[%clk 0:00:20]} Ke6 {[%clk 0:01:22]} 33. Rc1 {[%clk 0:00:12]} Bxd6
{[%clk 0:01:19]} 34. g3 {[%clk 0:00:11]} Bc5+ {[%clk 0:01:15]} 35. Kh1
{[%clk 0:00:12]} Be3 {[%clk 0:01:09]} 36. Re1 {[%clk 0:00:13]} Bf2
{[%clk 0:00:52]} 37. Rc1 {[%clk 0:00:12]} Ne5 {[%clk 0:00:53]} 38. f4
{[%clk 0:00:13]} Nf3 {[%clk 0:00:52]} 39. Rb6+ {[%clk 0:00:16]} Bxb6
{[%clk 0:00:52]} 0-1

[Event "Strumien ZABI KRAJ 2019"]
[Site "?"]
[Date "2019.11.09"]
[Round "4.1"]
[White "Temel, Jan"]
[Black "Drabiniok, Kazimierz"]
[Result "0-1"]
[WhiteElo "1623"]
[BlackElo "1918"]
[PlyCount "139"]
[EventDate "2019.??.??"]

1. f4 d5 2. Nf3 c5 3. g3 Nc6 4. Bg2 Bg4 5. c4 e6 6. cxd5 exd5 7. Ne5 Nxe5 8.
fxe5 Qd7 9. Nc3 Be6 10. Qb3 d4 11. Qxb7 Qxb7 12. Bxb7 Rb8 13. Bc6+ Kd8 14. Na4
Ne7 15. Be4 Ng6 16. d3 Nxe5 17. Bf4 f6 18. Rc1 Rb4 19. b3 Nd7 20. Bd2 Rb8 21.
Ba5+ Ke8 22. Bc6 Rc8 23. Bb5 Kf7 24. b4 Ne5 25. bxc5 Bxa2 26. e3 dxe3 27. Ke2
a6 28. Bc4+ Nxc4 29. dxc4 Bb3 30. Nb6 Rxc5 31. Bb4 Re5 32. Bxf8 Rxf8 33. c5 Rd8
34. Kf3 Rd2 35. g4 h5 36. h3 h4 37. Rhf1 e2 38. Rfe1 Rd3+ 39. Kg2 Rg3+ 40. Kh2
Be6 41. Rc2 Ree3 42. Rexe2 Rxh3+ 43. Kg2 Reg3+ 44. Kf2 Rh2+ 45. Ke1 Rg1+ 46.
Kd2 Rxe2+ 47. Kxe2 Bxg4+ 48. Kf2 Rb1 49. Nd5 h3 50. Kg3 Rg1+ 51. Kf4 g5+ 52.
Ke4 Re1+ 53. Ne3 Bc8 54. c6 f5+ 55. Kd4 f4 56. Nd5 Rd1+ 57. Ke5 Re1+ 58. Kd6 g4
59. Nxf4 Bf5 60. c7 Rd1+ 61. Ke5 Bc8 62. Rb2 g3 63. Nxh3 Bxh3 64. Rb3 Rg1 65.
Kf4 Be6 66. Re3 Bc8 67. Rd3 g2 68. Kg3 Bb7 69. Rd8 Rc1 70. Rd6 0-1

:04:29]} Rc8 {[%clk 0:04:15]} 23. Bb5
{[%clk 0:04:15]} Kf7 {[%clk 0:04:03]} 24. b4 {[%clk 0:04:07]} Ne5
{[%clk 0:03:43]} 25. bxc5 {[%clk 0:03:40]} Bxa2 {[%clk 0:03:39]} 26. e3
{[%clk 0:02:43]} dxe3 {[%clk 0:03:30]} 27. Ke2 {[%clk 0:02:28]} a6
{[%clk 0:03:31]} 28. Bc4+ {[%clk 0:02:09]} Nxc4 {[%clk 0:03:33]} 29. dxc4
{[%clk 0:02:12]} Bb3 {[%clk 0:03:34]} 30. Nb6 {[%clk 0:01:41]} Rxc5
{[%clk 0:03:34]} 31. Bb4 {[%clk 0:01:42]} Re5 {[%clk 0:03:32]} 32. Bxf8
{[%clk 0:01:39]} Rxf8 {[%clk 0:03:35]} 33. c5 {[%clk 0:01:39]} Rd8
{[%clk 0:03:34]} 34. Kf3 {[%clk 0:01:08]} Rd2 {[%clk 0:03:36]} 35. g4
{[%clk 0:01:03]} h5 {[%clk 0:03:37]} 36. h3 {[%clk 0:01:04]} h4 {[%clk 0:03:19]}
37. Rhf1 {[%clk 0:00:39]} e2 38. Rfe1 {[%clk 0:00:28]} Rd3+ {[%clk 0:03:07]} 39.
Kg2 {[%clk 0:00:31]} Rg3+ {[%clk 0:02:58]} 40. Kh2 {[%clk 0:00:25]} Be6
{[%clk 0:02:43]} 41. Rc2 {[%clk 0:00:19]} Ree3 {[%clk 0:02:46]} 42. Rexe2
{[%clk 0:00:16]} Rxh3+ {[%clk 0:02:48]} 43. Kg2 {[%clk 0:00:19]} Reg3+
{[%clk 0:02:47]} 44. Kf2 {[%clk 0:00:23]} Rh2+ {[%clk 0:02:50]} 45. Ke1
{[%clk 0:00:25]} Rg1+ {[%clk 0:02:50]} 46. Kd2 {[%clk 0:00:30]} Rxe2+
{[%clk 0:02:42]} 47. Kxe2 {[%clk 0:00:34]} Bxg4+ {[%clk 0:02:45]} 48. Kf2
{[%clk 0:00:37]} Rb1 {[%clk 0:02:44]} 49. Nd5 {[%clk 0:00:34]} h3
{[%clk 0:02:35]} 50. Kg3 {[%clk 0:00:39]} Rg1+ {[%clk 0:02:36]} 51. Kf4
{[%clk 0:00:26]} g5+ {[%clk 0:02:38]} 52. Ke4 {[%clk 0:00:24]} Re1+
{[%clk 0:02:41]} 53. Ne3 {[%clk 0:00:22]} Bc8 {[%clk 0:02:27]} 54. c6
{[%clk 0:00:23]} f5+ {[%clk 0:02:26]} 55. Kd4 {[%clk 0:00:23]} f4
{[%clk 0:02:25]} 56. Nd5 {[%clk 0:00:22]} Rd1+ {[%clk 0:02:28]} 57. Ke5
{[%clk 0:00:26]} Re1+ {[%clk 0:02:28]} 58. Kd6 {[%clk 0:00:29]} g4
{[%clk 0:02:21]} 59. Nxf4 {[%clk 0:00:31]} Bf5 {[%clk 0:02:20]} 60. c7
{[%clk 0:00:32]} Rd1+ {[%clk 0:02:15]} 61. Ke5 {[%clk 0:00:35]} Bc8
{[%clk 0:02:18]} 62. Rb2 {[%clk 0:00:30]} g3 {[%clk 0:02:19]} 63. Nxh3
{[%clk 0:00:23]} Bxh3 {[%clk 0:02:22]} 64. Rb3 {[%clk 0:00:17]} Rg1
{[%clk 0:01:44]} 65. Kf4 {[%clk 0:00:16]} Be6 {[%clk 0:01:43]} 66. Re3
{[%clk 0:00:14]} Bc8 {[%clk 0:01:42]} 67. Rd3 {[%clk 0:00:10]} g2
{[%clk 0:01:43]} 68. Kg3 {[%clk 0:00:10]} Bb7 {[%clk 0:01:40]} 69. Rd8
{[%clk 0:00:09]} Rc1 {[%clk 0:01:41]} 70. Rd6 Ke6 0-1

[Event "Strumien ZABI KRAJ 2019"]
[Site "?"]
[Date "2019.11.09"]
[Round "5.4"]
[White "Ulrych, Wojciech"]
[Black "Kubica, Dominik"]
[Result "1/2-1/2"]
[WhiteElo "1729"]
[BlackElo "1493"]
[PlyCount "110"]
[EventDate "2019.??.??"]

1. c4 c5 2. Nc3 Nc6 3. g3 g6 4. Bg2 Bg7 5. d3 b6 6. e4 Bb7 7. Nge2 e5 8. O-O
Nge7 9. Nd5 Nxd5 10. cxd5 Ne7 11. f4 O-O 12. Nc3 a6 13. f5 Nc8 14. Be3 d6 15.
g4 g5 16. f6 Bxf6 17. Qf3 Bg7 18. Ne2 h6 19. Ng3 Ne7 20. h4 f6 21. Nh5 Bc8 22.
Nxg7 Kxg7 23. h5 Qd7 24. Bh3 Qb5 25. Qe2 a5 26. Rfd1 Ba6 27. Bf1 Qd7 28. a4
Rac8 29. Rdc1 Rc7 30. Kh2 Rfc8 31. Kg3 Rb7 32. Qf2 Ra8 33. Rc3 Qd8 34. Rb3 Qc7
35. Qd2 Rbb8 36. Rc1 Qd7 37. Ra3 Ra7 38. Be2 Bc8 39. Qd1 Qe8 40. Rac3 Bd7 41.
b3 Rab7 42. R3c2 Ra7 43. Bf1 Rab7 44. Rf2 Ng8 45. Qc2 Rc8 46. Qc4 Ra7 47. Qc2
Rb7 48. Qe2 Rbb8 49. Bh3 Qd8 50. Rcf1 Qe7 51. Rf3 Rf8 52. Qf2 Rb7 53. Bg2 Rbb8
54. Qc2 Rb7 55. Qc4 Ra7 1/2-1/2

g7 {[%clk 0:06:12]} 18. Ne2 {[%clk 0:07:22]} h6
{[%clk 0:06:01]} 19. Ng3 {[%clk 0:07:22]} Ne7 {[%clk 0:06:01]} 20. h4
{[%clk 0:06:39]} f6 {[%clk 0:06:00]} 21. Nh5 {[%clk 0:05:34]} Bc8
{[%clk 0:05:43]} 22. Nxg7 {[%clk 0:04:49]} Kxg7 {[%clk 0:05:45]} 23. h5
{[%clk 0:04:50]} Qd7 {[%clk 0:05:38]} 24. Bh3 {[%clk 0:04:53]} Qb5
{[%clk 0:05:34]} 25. Qe2 {[%clk 0:04:54]} a5 {[%clk 0:05:13]} 26. Rfd1
{[%clk 0:04:39]} Ba6 {[%clk 0:04:56]} 27. Bf1 {[%clk 0:04:43]} Qd7
{[%clk 0:04:56]} 28. a4 {[%clk 0:04:38]} Rac8 {[%clk 0:04:27]} 29. Rdc1
{[%clk 0:04:35]} Rc7 {[%clk 0:03:59]} 30. Kh2 {[%clk 0:04:39]} Rfc8
{[%clk 0:03:45]} 31. Kg3 {[%clk 0:04:43]} Rb7 {[%clk 0:03:15]} 32. Qf2
{[%clk 0:04:28]} Ra8 {[%clk 0:02:20]} 33. Rc3 {[%clk 0:04:23]} Qd8
{[%clk 0:01:26]} 34. Rb3 {[%clk 0:04:26]} Qc7 {[%clk 0:01:14]} 35. Qd2
{[%clk 0:04:06]} Rbb8 {[%clk 0:00:56]} 36. Rc1 {[%clk 0:04:01]} Qd7
{[%clk 0:00:53]} 37. Ra3 {[%clk 0:04:04]} Ra7 {[%clk 0:00:31]} 38. Be2
{[%clk 0:04:07]} Bc8 {[%clk 0:00:22]} 39. Qd1 {[%clk 0:03:57]} Qe8
{[%clk 0:00:18]} 40. Rac3 {[%clk 0:03:54]} Bd7 {[%clk 0:00:17]} 41. b3
{[%clk 0:03:56]} Rab7 {[%clk 0:00:20]} 42. R3c2 {[%clk 0:03:39]} Ra7
{[%clk 0:00:21]} 43. Bf1 {[%clk 0:03:32]} Rab7 {[%clk 0:00:18]} 44. Rf2
{[%clk 0:03:31]} Ng8 {[%clk 0:00:21]} 45. Qc2 {[%clk 0:03:27]} Rc8
{[%clk 0:00:22]} 46. Qc4 {[%clk 0:03:29]} Ra7 {[%clk 0:00:22]} 47. Qc2
{[%clk 0:03:21]} Rb7 {[%clk 0:00:25]} 48. Qe2 {[%clk 0:03:22]} Rbb8
{[%clk 0:00:26]} 49. Bh3 {[%clk 0:03:18]} Qd8 {[%clk 0:00:25]} 50. Rcf1
{[%clk 0:03:17]} Qe7 {[%clk 0:00:27]} 51. Rf3 {[%clk 0:03:10]} Rf8
{[%clk 0:00:23]} 52. Qf2 {[%clk 0:03:13]} Rb7 {[%clk 0:00:18]} 53. Bg2
{[%clk 0:03:15]} Rbb8 {[%clk 0:00:17]} 54. Qc2 {[%clk 0:03:15]} Rb7
{[%clk 0:00:19]} 55. Qc4 {[%clk 0:03:18]} Ra7 {[%clk 0:00:23]} 1/2-1/2

[Event "Strumien ZABI KRAJ 2019"]
[Site "?"]
[Date "2019.11.09"]
[Round "6.1"]
[White "Jaromin, Michal"]
[Black "Tomczyk, Piotr"]
[Result "1-0"]
[WhiteElo "1813"]
[BlackElo "1649"]
[PlyCount "31"]
[EventDate "2019.??.??"]

1. e4 e5 2. Nf3 Nc6 3. d4 exd4 4. Bc4 h6 5. c3 d3 6. O-O d6 7. Re1 Bg4 8. h3
Bxf3 9. gxf3 Ne5 10. Bb3 Qh4 11. f4 Ng6 12. Qf3 Nf6 13. e5 dxe5 14. Qxb7 Rd8
15. Qxc7 Qxh3 16. Qxf7# 1-0

} 7. Re1 {[%clk 0:10:06]} Bg4
{[%clk 0:09:32]} 8. h3 {[%clk 0:10:03]} Bxf3 {[%clk 0:09:34]} 9. gxf3
{[%clk 0:09:37]} Ne5 {[%clk 0:09:13]} 10. Bb3 {[%clk 0:09:32]} Qh4
{[%clk 0:08:41]} 11. f4 {[%clk 0:09:17]} Ng6 {[%clk 0:08:28]} 12. Qf3
{[%clk 0:09:21]} Nf6 {[%clk 0:07:26]} 13. e5 {[%clk 0:08:54]} dxe5
{[%clk 0:05:09]} 14. Qxb7 {[%clk 0:08:57]} Rd8 {[%clk 0:04:46]} 15. Qxc7
{[%clk 0:08:50]} Qxh3 {[%clk 0:04:12]} 16. Qxf7# {[%clk 0:08:51]} 1-0

[Event "Strumien ZABI KRAJ 2019"]
[Site "?"]
[Date "2019.11.09"]
[Round "7.1"]
[White "Jaromin, Michal"]
[Black "Temel, Jan"]
[Result "1-0"]
[WhiteElo "1813"]
[BlackElo "1623"]
[PlyCount "91"]
[EventDate "2019.??.??"]

1. e4 g6 2. Nf3 c5 3. d4 cxd4 4. Nxd4 Bg7 5. Nc3 Nc6 6. Be3 d6 7. Qd2 Nf6 8. f3
O-O 9. O-O-O Bd7 10. h4 Nh5 11. g4 Ng3 12. Rh2 Nxf1 13. Rxf1 Qa5 14. Nb3 Bxc3
15. Qxc3 Qxa2 16. Bh6 Ne5 17. Bxf8 Rxf8 18. Qa5 Ba4 19. Rfh1 Rc8 20. f4 Nxg4
21. Re2 Bxb3 22. Qxa2 Bxa2 23. Rh3 Bc4 24. Rd2 Rc5 25. Rg3 Nf6 26. Re3 Rh5 27.
e5 Ng4 28. Re4 d5 29. Red4 Rxh4 30. b3 Ba6 31. Rxd5 Ne3 32. Rd8+ Kg7 33. Ra8
Rxf4 34. Rxa7 Re4 35. Ra8 Rxe5 36. c4 Ra5 37. Rd7 e5 38. Rxb7 Bxb7 39. Rxa5 Kf6
40. Kd2 Nf5 41. Ra7 Be4 42. b4 Nd4 43. b5 h5 44. Ke3 Bh1 45. Ra1 Bf3 46. c5 1-0

5. Qxc3
{[%clk 0:08:40]} Qxa2 {[%clk 0:04:41]} 16. Bh6 {[%clk 0:08:18]} Ne5
{[%clk 0:04:20]} 17. Bxf8 {[%clk 0:08:00]} Rxf8 {[%clk 0:04:23]} 18. Qa5
{[%clk 0:07:34]} Ba4 {[%clk 0:04:19]} 19. Rfh1 {[%clk 0:06:02]} Rc8
{[%clk 0:03:47]} 20. f4 {[%clk 0:05:32]} Nxg4 {[%clk 0:02:31]} 21. Re2
{[%clk 0:02:35]} Bxb3 {[%clk 0:02:17]} 22. Qxa2 {[%clk 0:02:24]} Bxa2
{[%clk 0:02:21]} 23. Rh3 {[%clk 0:02:10]} Bc4 {[%clk 0:02:10]} 24. Rd2
{[%clk 0:02:01]} Rc5 {[%clk 0:01:58]} 25. Rg3 {[%clk 0:01:59]} Nf6
{[%clk 0:01:56]} 26. Re3 {[%clk 0:01:50]} Rh5 {[%clk 0:01:39]} 27. e5
{[%clk 0:01:49]} Ng4 {[%clk 0:01:05]} 28. Re4 {[%clk 0:01:46]} d5
{[%clk 0:01:06]} 29. Red4 {[%clk 0:01:39]} Rxh4 {[%clk 0:00:51]} 30. b3
{[%clk 0:01:43]} Ba6 {[%clk 0:00:17]} 31. Rxd5 {[%clk 0:01:46]} Ne3
{[%clk 0:00:15]} 32. Rd8+ {[%clk 0:01:38]} Kg7 {[%clk 0:00:20]} 33. Ra8
{[%clk 0:01:42]} Rxf4 {[%clk 0:00:21]} 34. Rxa7 {[%clk 0:01:44]} Re4
{[%clk 0:00:16]} 35. Ra8 {[%clk 0:01:44]} Rxe5 {[%clk 0:00:18]} 36. c4
{[%clk 0:01:40]} Ra5 {[%clk 0:00:18]} 37. Rd7 {[%clk 0:01:28]} e5
{[%clk 0:00:17]} 38. Rxb7 {[%clk 0:01:23]} Bxb7 {[%clk 0:00:06]} 39. Rxa5
{[%clk 0:01:27]} Kf6 {[%clk 0:00:06]} 40. Kd2 {[%clk 0:01:25]} Nf5
{[%clk 0:00:09]} 41. Ra7 {[%clk 0:01:24]} Be4 {[%clk 0:00:11]} 42. b4
{[%clk 0:01:25]} Nd4 {[%clk 0:00:12]} 43. b5 {[%clk 0:01:24]} h5 {[%clk 0:00:14]}
44. Ke3 {[%clk 0:01:23]} Bh1 {[%clk 0:00:06]} 45. Ra1 {[%clk 0:01:13]} Bf3
{[%clk 0:00:07]} 46. c5 1-0